000 00781pam a2200205 a 4500
001 3889780
005 20241213121421.0
008 900622s1990 ncua b 001 0 eng
020 _a0892784113
050 0 0 _aQH442
_b.M54 1990
082 0 0 _a575.1/0724
_220
100 1 _aMicklos, David A.
245 1 0 _aDNA science :
_ba first course in recombinant DNA technology /
_cDavid A. Micklos, Greg A. Freyer ; illustrated by Susan Zehl Lauter.
260 _aBurlington, N.C. :
_bCarolina Biological Supply Co. ;
_aCold Spring Harbor :
_bCold Spring Harbor Laboratory Press,
_cc1990.
300 _axiv, 477 p. :
_bill. ;
_c28 cm.
650 0 _aGenetic engineering
_xLaboratory manuals.
650 0 _aRecombinant DNA
_xLaboratory manuals.
700 1 _aFreyer, Greg A.
942 _2lcc
_cBK
_n0
999 _c2142
_d2142